000
00302nam a22001337a 4500
008
170811b xxu||||| |||| 00| 0 eng d
020
_a
2900716769018
041
_a
eng
080
_2
7TH
_a
51
100
_a
36
101
_a
MAT
245
_a
FOR ALL PRACTICAL PRUPOSES
_c
MALKETVICH,J
942
_2
udc
_c
BK
999
_c
23232
_d
23232